| 000 | 06719nam a22006857a 4500 | ||
|---|---|---|---|
| 001 | 113641 | ||
| 003 | DR-UNIBE | ||
| 005 | 20250519094315.0 | ||
| 008 | 250519b2023 sp ||||| |||| 00| 0 spa d | ||
| 020 | _a9788427731356 | ||
| 040 |
_aBIBLIOTECA UNIBE _cBIBLIOTECA UNIBE _erda |
||
| 041 | _aspa | ||
| 082 | _a371.227 A654s | ||
| 245 | 1 | 0 |
_aAprendizaje-servicio : _bescenarios de aprendizajes éticos y cívicos / _cTania Alonso Sainz [y otros treita y dos] |
| 260 |
_aMadrid : _bNarcea , _c2023 |
||
| 300 | _a239 páginas | ||
| 490 | _aEducación hoy y estudios | ||
| 505 | _aI. ¿TIENE SENTIDO HABLAR DE ÉTICA EN LA METODOLOGÍA DE APRENDIZAJE-SERVICIO? | 1. Formación de la ética profesional en la universidad y aprendizaje-servicio | 2. La reflexión como eje articulador de pensamiento y acción en el aprendizaje-servicio en Educación Superior | 3. Aprendizaje-Servicio y éticas del cuidado | 4. El Aprendizaje-Servicio y la formación cívico-social de los universitarios: posibilidades y algunas evidencias | II. LA FORMACIÓN DE APRENDIZAJES ÉTICOS Y CÍVICOS EN PROYECTOS DE ApS : ¿formación posible? | 5. ¿Al servicio de quién? El dilema ético del respeto en el aprendizaje-servicio | 6. El aprendizaje-servicio como espacio híbrido para el diálogo y la co-construcción ética crítica | 7. Horizontes pedagógicos para la elaboración de un código ético para el desarrollo del aprendizaje-servicio en Educación Superior | 8. La falta de solidez ético-cívica para un determinado tipo de formación ético-cívica en aprendizaje-servicio | III. APRENDIZAJE-SERVICIO: ESPACIO DE APRENDIZAJES ÉTICOS Y CÍVICOS | 9. Integración de las metodologías Laboratorio Vivo y aprendizaje-servicio para la mejora del aprendizaje cívico y ético de estudiantes universitarios | 10. Desarrollo de habilidades y actitudes cívicas a través del aprendizaje-servicio en formación inicial docente | 11. ¿Por qué no incluir el humanismo en la ciencia? Revisión sobre las éticas | 12. Aprendizaje-servicio y tecnologías emergentes: desafíos para la Educación Superior | | ||
| 520 | 3 | _aPaso a paso, el enfoque del Aprendizaje-Servicio (ApS) se va consolidando en nuestras instituciones de educación superior. Las Universidades con este enfoque dan muestra tanto de su responsabilidad social como de su intención de ser más auténticas y fieles a su propia tradición e identidad milenarias. Una identidad que no permanece estática, sino que siendo fiel a sí misma, evoluciona creativamente ofreciendo respuestas novedosas a las exigencias de los nuevos tiempos. Ahora bien, esta respuesta no solo es positiva para la sociedad, también lo es para los propios estudiantes, que son el centro de la vida académica de las Universidades, y para el resto de la comunidad universitaria. Y, como recoge el Preámbulo de la Ley Orgánica del Sistema Universitario (2023), se responde así a los desajustes entre el sistema universitario y las necesidades de la sociedad. Una respuesta que explora nuevas vías y formas de relación con la sociedad desde la docencia, la investigación y la transferencia de conocimiento, más allá de parámetros comerciales y mercantiles. En efecto, los proyectos de ApS han evidenciado resultados positivos de aprendizaje en cuanto a conocimientos y competencias específicas de la titulación implicada, junto con las competencias transversales. Las soft skills a partir de las cuales obtenemos las herramientas necesarias para aprender lo que se requiere en cada momento, pero, especialmente, para afrontar las demandas y retos de nuestras sociedades: desde la defensa y promoción de los derechos humanos, la participación y el compromiso cívico con la cultura democrática pasando por saber valorar el trabajo propio y en equipo, el dialogo intercultural, o el compromiso con el medio ambiente. Este libro es ya el tercer volumen de una línea editorial que empezó abordando los retos de la evaluación en la aplicación del ApS; el segundo libro, tras la pandemia, se centró en el análisis y explicación del aprendizaje-servicio virtual, como una modalidad del ApS con identidad propia. En este tercero afrontamos, de la mano de profesores de varias universidades españolas, un tema complejo, a la vez que vital: la dimensión normativa del y en el aprendizaje-servicio; su dimensión tanto ética como cívica que está presente en cada una de estas acciones en las que se promueve la corresponsabilidad de cada estudiante de su propio proceso de aprendizaje y del desarrollo social, económico… del territorio en el que vive. | |
| 650 | 7 |
_2lemb _aAprendizaje |
|
| 650 | 7 |
_2lemb _aEducación |
|
| 650 | 7 |
_2lemb _aProfesores |
|
| 650 | 7 |
_2lemb _aDocencia _997841 |
|
| 653 | _aDesarrollo profesional docente | ||
| 700 | 1 |
_a Ruiz-Corbella, Marta _eeditor _9195591 |
|
| 700 | 1 |
_aGarcía-Gutiérrez , Juan _eeditor _9165242 |
|
| 700 | 1 |
_aAlonso Sainz, Tania _eautor _9195604 |
|
| 700 | 1 |
_aAramburuzabala, Pilar _eautor _9195605 |
|
| 700 | 1 |
_aEscofet, Anna _eautor _9195606 |
|
| 700 | 1 |
_aFuentes, Juan Luis _eautor _9124029 |
|
| 700 | 1 |
_aGarcía Laso, Ana _eautor _9195607 |
|
| 700 | 1 |
_aGarcía-Gutiérrez, Juan _eautor _9165242 |
|
| 700 | 1 |
_aGarcía-Romero, David _eautor _9195608 |
|
| 700 | 1 |
_aGargallo-García, Marina _eautor _9195609 |
|
| 700 | 1 |
_aGonzález-Geraldo, José Luis _eautor _9195610 |
|
| 700 | 1 |
_aHervás Torres, Miriam _eautor _9195611 |
|
| 700 | 1 |
_aLalueza, José Luis _eautor _9195612 |
|
| 700 | 1 |
_aLotti, Patrizia _eautor _9195613 |
|
| 700 | 1 |
_aMaravé-Vivas, María _eautor _9195614 |
|
| 700 | 1 |
_aMartín Sánchez, Domingo A. _eautor _9195615 |
|
| 700 | 1 |
_aMartín-Lucas, Judith _eautor _9195616 |
|
| 700 | 1 |
_aMartín, Xus _eautor _9155000 |
|
| 700 | 1 |
_aMartínez-Lozano, Virginia _eautor _9195617 |
|
| 700 | 1 |
_aMella-Núñez, Ígor _eautor _9195618 |
|
| 700 | 1 |
_aMorín-Fraile, Victoria _eautor _9195619 |
|
| 700 | 1 |
_aMuñoz Ruiz, Emilio _eautor _9195620 |
|
| 700 | 1 |
_aOrtega Andrade, Hugo Mauricio _eautor _9195621 |
|
| 700 | 1 |
_aOrtega-López, Leticia _eautor _9195622 |
|
| 700 | 1 |
_aPaz-Lourido, Berta Paz _eautor _9195623 |
|
| 700 | 1 |
_aQuishpe Quishpe, Luis Miguel _eautor _9195624 |
|
| 700 | 1 |
_aRibeiro, Álvaro _eautor _9195625 |
|
| 700 | 1 |
_aRuíz-Corbella, Marta _eautor _9195591 |
|
| 700 | 1 |
_aSáez-Gambín, Daniel _eautor _9195581 |
|
| 700 | 1 |
_aSalvador-García, Celina _eautor _9195626 |
|
| 700 | 1 |
_aSánchez-Rojo, Alberto _eautor _9195627 |
|
| 700 | 1 |
_aSantos Rego, Miguel Ángel _eautor _9195628 |
|
| 700 | 1 |
_aSerrate González, Sara _eautor _9195629 |
|
| 700 | 1 |
_aVázquez-Verdera, Victoria _eautor _9195630 |
|
| 942 |
_2ddc _cBK |
||
| 999 |
_c113647 _d113647 |
||